00543cam a22001812 4500001001100000005001700011008004100028020001700069040001500086100004300101245007100144250001200215260002800227300001700255650003800272650004800310852000300358000002061720151217152218.0110928s xx 000 0 eng d a0521898010 : aKABUcKABU1 aLa Grandville, Olivier De.@000018104110aEconomic growth :ba unified approach /cOlivier De La Grandville. a1st ed. aNew York :bCUP,c2009. axiii, 361 p. 0aEconomic development.@0000150073 0aEconomicsxMathematical models.@00001788191